30 ngày biết đệm Guiter : Valse - Boston - Chachacha- Bolero - Tango - Rumba - Bossa Nova

Salvato in:
Dettagli Bibliografici
Autore principale:  Song Minh
Natura: Sách
Lingua:Undetermined
Pubblicazione:  Dân trí  2018
Soggetti:
Tags: Aggiungi Tag
Nessun Tag, puoi essere il primo ad aggiungerne! !
Thư viện lưu trữ: Trung tâm Thư viện - Trường Đại học Công nghiệp TP. Hồ Chí Minh
LEADER 00537nam a2200157Ia 4500
001 UIH_02904
008 231011s9999 xx 000 0 und d
082 |a  787.87 
100 |a  Song Minh 
245 0 |a  30 ngày biết đệm Guiter : Valse - Boston - Chachacha- Bolero - Tango - Rumba - Bossa Nova 
245 0 |c  Song Minh 
260 |b  Dân trí 
260 |c  2018 
650 |a  Âm nhạc; Đàn ghi ta;  
927 |a Sách 
980 |a Trung tâm Thư viện - Trường Đại học Công nghiệp TP. Hồ Chí Minh